Deserts and desert environments / (Record no. 9457)

MARC details
000 -LEADER
fixed length control field 00616nam a22002172 4500
001 - CONTROL NUMBER
control field 0000020679
005 - DATE AND TIME OF LATEST TRANSACTION
control field 20151217152219.0
008 - FIXED-LENGTH DATA ELEMENTS--GENERAL INFORMATION
fixed length control field 111003s xx 000 0 eng d
020 ## - INTERNATIONAL STANDARD BOOK NUMBER
International Standard Book Number 1577180333 :
040 ## - CATALOGING SOURCE
Original cataloging agency KABU
Transcribing agency KABU
100 1# - MAIN ENTRY--PERSONAL NAME
Personal name Laity, Julie.
-- 0000181180
245 10 - TITLE STATEMENT
Title Deserts and desert environments /
Statement of responsibility, etc. Julie Laity.
250 ## - EDITION STATEMENT
Edition statement 1st. ed.
260 ## - PUBLICATION, DISTRIBUTION, ETC. (IMPRINT)
Place of publication, distribution, etc. Hoboken, NJ :
Name of publisher, distributor, etc. Blackwell,
Date of publication, distribution, etc. 2008.
300 ## - PHYSICAL DESCRIPTION
Extent xiii, 342 p.
650 #0 - SUBJECT ADDED ENTRY--TOPICAL TERM
Topical term or geographic name as entry element Deserts.
-- 0000181181
650 #0 - SUBJECT ADDED ENTRY--TOPICAL TERM
Topical term or geographic name as entry element Geomorphology.
-- 0000149719
852 1# - LOCATION
-- p5580 KES
908 ## - PUT COMMAND PARAMETER (RLIN)
Put command parameter 111003
950 ## - LOCAL HOLDINGS (RLIN)
-- 1
Holdings
Withdrawn status Lost status Source of classification or shelving scheme Not for loan Home library Current library Date acquired Total Checkouts Full call number Barcode Date last seen Price effective from Koha item type
    Library of Congress Classification   Kabarak, Main Campus Kabarak, Main Campus 17/12/2015   GB611 .L35 2008 c. 1 19354 17/12/2015 17/12/2015 General Collection
Designed with assistance from East African Informatics Ltd